Informačný bulletin výrobného družstevníctva

Uložené v:
Podrobná bibliografia
Médium: Seriál
Jazyk:Slovak
Vydavateľské údaje: Bratislava Slovenský zväz výrobných družstiev 1994
Predmet:
Tagy: Pridať tag
Žiadne tagy, Buďte prvý, kto otaguje tento záznam!

MARC

LEADER 00000nas2a2200000 4500
001 s017931
005 20240109095857.6
041 0 |a slo 
044 |a SK 
245 1 0 |a Informačný bulletin výrobného družstevníctva 
264 1 |a Bratislava  |b Slovenský zväz výrobných družstiev  |c 1994 
300 |a 2 zv. 
773 0 |w eu_un_cat*s120080 
610 2 0 |a družstvá výrobné